| 000 -LEADER |
| fixed length control field |
00808pab a2200157 454500 |
| 008 - FIXED-LENGTH DATA ELEMENTS--GENERAL INFORMATION |
| fixed length control field |
180718b1999 xxu||||| |||| 00| 0 eng d |
| 100 ## - MAIN ENTRY--PERSONAL NAME |
| Personal name |
Perotti, Roberto |
| 245 ## - TITLE STATEMENT |
| Title |
Fiscal policy in good times and bad |
| 260 ## - PUBLICATION, DISTRIBUTION, ETC. |
| Date of publication, distribution, etc. |
1999 |
| 300 ## - PHYSICAL DESCRIPTION |
| Extent |
p.1399-436 |
| 362 ## - DATES OF PUBLICATION AND/OR SEQUENTIAL DESIGNATION |
| Dates of publication and/or sequential designation |
Nov |
| 520 ## - SUMMARY, ETC. |
| Summary, etc. |
In the 1980s several countries with large government debt or deficit implemented substantial, and in some cases drastic deficit cuts. Contrary to widespread expectations, in many cases private consumption boomed rather than contracted. This paper shows that in times of "fiscal stress" shocks to government revenues and, especially, expenditure have very different effects on private consumption than in "normal" times. - Reproduced |
| 650 ## - SUBJECT ADDED ENTRY--TOPICAL TERM |
| Topical term or geographic name entry element |
Fiscal policy |
| 773 ## - HOST ITEM ENTRY |
| Main entry heading |
Quarterly Journal of Economics |
| 909 ## - |
| -- |
43633 |